[Event "Bosnjaci op 14th"]
[White "Mikic, Jadranko"]
[Black "Filipovic, Josip"]
[Site "Bosnjaci"]
[Round "7"]
[Result "1-0"]
[Date "2009.01.07"]
[WhiteElo "2030"]
[BlackElo "1871"]
[PlyCount "98"]
[EventDate "2009.01.03"]
[EventType "swiss"]
[EventRounds "9"]
[EventCountry "CRO"]
[SourceTitle "CBM 128 Extra"]
[Source "ChessBase"]
[SourceDate "2009.03.05"]
[SourceVersion "2"]
[SourceVersionDate "2009.03.25"]
[SourceQuality "1"]

1. d4 g6 2. e3 Bg7 3. Bd3 e6 4. f4 Ne7 5. Nf3 d5 6. 0-0 0-0 7. c3 Nbc6 8. Ne5 f6 9. Nf3 b6 10. Nbd2 Bb7 11. Qe1 e5 12. fxe5 fxe5 13. Ng5 Qd7 14. Be2 Rxf1+ 15. Nxf1 h6 16. Nh3 e4 17. b3 Nf5 18. Ba3 Nce7 19. Bg4 Rf8 20. Nf4 Kh7 21. Ng3 Rf7 22. Qd2 c6 23. Rf1 Bc8 24. Bxe7 Qxe7 25. Rf2 Bd7 26. Qe1 Nxg3 27. Bxd7 Qxd7 28. hxg3 h5 29. Qe2 Bh6 30. c4 Bxf4 31. gxf4 Qc8 32. Kh2 Kg7 33. Rf1 Kh7 34. Rc1 Rc7 35. Rf1 Rf7 36. g3 Kg7 37. Kg2 Qf5 38. Rh1 Kg8 39. Rh4 Kf8 40. g4 hxg4 41. Kg3 g5 42. Rxg4 gxf4+ 43. Rxf4 Qg5+ 44. Qg4 Qxg4+ 45. Kxg4 Rxf4+ 46. Kxf4 Ke7 47. Ke5 c5 48. dxc5 bxc5 49. Kxd5 Kd7 1-0

[Event "Bosnjaci op 14th"]
[White "Djurkovic, Maks"]
[Black "Mikic, Jadranko"]
[Site "Bosnjaci"]
[Round "6"]
[Result "1-0"]
[Date "2009.01.06"]
[WhiteElo "2124"]
[BlackElo "2030"]
[PlyCount "79"]
[EventDate "2009.01.03"]
[EventType "swiss"]
[EventRounds "9"]
[EventCountry "CRO"]
[SourceTitle "CBM 128 Extra"]
[Source "ChessBase"]
[SourceDate "2009.03.05"]
[SourceVersion "2"]
[SourceVersionDate "2009.03.25"]
[SourceQuality "1"]

1. d4 d5 2. Nf3 e6 3. g3 Bd6 4. Bg2 f5 5. 0-0 Nf6 6. c4 c6 7. Ne5 Nbd7 8. f4 0-0 9. Nc3 Ne4 10. Nxe4 fxe4 11. Qb3 Nf6 12. Bd2 a6 13. a4 Rb8 14. e3 Bd7 15. c5 Bc7 16. a5 Be8 17. Bh3 Qe7 18. Qd1 Nd7 19. Qg4 Rf6 20. Qe2 Rh6 21. Kg2 Bh5 22. g4 Nxe5 23. dxe5 Bg6 24. g5 Bh5 25. Bg4 Bxg4 26. Qxg4 Rg6 27. h4 h5 28. Qxh5 Qf7 29. Qg4 Qf5 30. Kh3 Kf7 31. Bc3 Ke7 32. h5 Rh8 33. Kg3 Rxg5 34. Qxg5+ Qxg5+ 35. fxg5 Rxh5 36. Kg4 Rh2 37. Rh1 Rg2+ 38. Kh5 Bd8 39. Kg6 Kd7 40. Rag1 1-0

[Event "Bosnjaci op 14th"]
[White "Saric, Kristina"]
[Black "Mikic, Jadranko"]
[Site "Bosnjaci"]
[Round "2"]
[Result "1-0"]
[Date "2009.01.04"]
[WhiteElo "2204"]
[BlackElo "2030"]
[PlyCount "51"]
[EventDate "2009.01.03"]
[EventType "swiss"]
[EventRounds "9"]
[EventCountry "CRO"]
[SourceTitle "CBM 128 Extra"]
[Source "ChessBase"]
[SourceDate "2009.03.05"]
[SourceVersion "2"]
[SourceVersionDate "2009.03.25"]
[SourceQuality "1"]

1. e4 e5 2. Nf3 Nc6 3. Bb5 Bc5 4. d3 Nd4 5. Nxd4 Bxd4 6. 0-0 Nf6 7. c3 Bb6 8. Bg5 0-0 9. Nd2 d6 10. Nc4 Be6 11. Nxb6 axb6 12. f4 h6 13. fxe5 dxe5 14. Bxf6 gxf6 15. Qh5 Kh7 16. Rf3 Rg8 17. Qh4 Rg6 18. Qf2 Qe7 19. d4 Rag8 20. Bf1 Bg4 21. Re3 exd4 22. cxd4 Qd7 23. Rg3 h5 24. e5 Bf5 25. Rxg6 Rxg6 26. Be2 1-0

[Event "Bosnjaci op 13th"]
[White "Mikic, Jadranko"]
[Black "Horvat, Zeljko"]
[Site "Bosnjaci"]
[Round "4"]
[Result "0-1"]
[Date "2008.01.05"]
[WhiteElo "2041"]
[BlackElo "2129"]
[PlyCount "20"]
[EventDate "2008.01.03"]
[EventType "swiss"]
[EventRounds "9"]
[EventCountry "CRO"]
[SourceTitle "CBM 122 Extra"]
[Source "ChessBase"]
[SourceDate "2008.03.04"]
[SourceVersion "1"]
[SourceVersionDate "2008.03.04"]
[SourceQuality "1"]

1. e4 e5 2. d4 Nf6 3. Nc3 g6 4. f4 Bg7 5. Nf3 0-0 6. Be2 c5 7. dxc5 Qa5 8. Bd2 Qxc5 9. Bd3 Nc6 10. Be3 Qxe3+ 0-1

[Event "Bosnjaci op 13th"]
[White "Vicentic, Branko"]
[Black "Mikic, Jadranko"]
[Site "Bosnjaci"]
[Round "3"]
[Result "0-1"]
[Date "2008.01.05"]
[WhiteElo "1872"]
[BlackElo "2041"]
[PlyCount "100"]
[EventDate "2008.01.03"]
[EventType "swiss"]
[EventRounds "9"]
[EventCountry "CRO"]
[SourceTitle "CBM 122 Extra"]
[Source "ChessBase"]
[SourceDate "2008.03.04"]
[SourceVersion "1"]
[SourceVersionDate "2008.03.04"]
[SourceQuality "1"]

1. e4 e5 2. Nf3 Nc6 3. Bc4 Bc5 4. c3 Nf6 5. d3 h6 6. b4 Bb6 7. b5 Na5 8. Nxe5 Nxc4 9. Nxc4 d5 10. Nxb6 axb6 11. e5 Nh7 12. d4 0-0 13. 0-0 f6 14. f4 Bd7 15. Qb3 Bf5 16. Re1 Qd7 17. Ba3 Rfe8 18. Bb2 Ra5 19. a4 Kh8 20. Nd2 Raa8 21. Qb4 Ra5 22. Nb3 Raa8 23. Nd2 Ra7 24. c4 Rea8 25. c5 Qe6 26. Rec1 Bd3 27. Rc3 Bf5 28. c6 bxc6 29. Rxc6 Qf7 30. Qc3 Rc8 31. a5 Bd7 32. e6 Bxe6 33. axb6 Rb7 34. Ra7 Rbb8 35. b7 Re8 36. Rxc7 Qh5 37. Nf3 Qf5 38. Qd2 Qb1+ 39. Rc1 Qg6 40. b6 Bg4 41. Nh4 Qf7 42. Rc8 Nf8 43. Rc7 Qe6 44. Qb4 Qe3+ 45. Kf1 Qe2+ 46. Kg1 Qe3+ 47. Kf1 Be2+ 48. Ke1 Qg1+ 49. Kd2 Qd1+ 50. Kc3 Qd3# 0-1